000 00847cam a22002414a 4500
005 20230705142946.0
008 110728s2011 nyu 001 0 eng
010 _a 2011025542
020 _a9780071739191
040 _aDLC
_beng
_cDLC
_dDLC
042 _apcc
082 0 0 _a621.38
_223
_bLAU-C
100 1 _aLaurik, Sven.
245 1 0 _aCTS certified technology specialist exam guide /
_cSven Laurik.
260 _aNew York :
_bMcGraw-Hill,
_cc2011.
300 _axviii, 524 p. :
_bill. ;
_c24 cm. +
500 _aIncludes index.
650 0 _aAudio-visual equipment industry
_xEmployees
_xCertification.
650 0 _aAudio-visual equipment
_xExaminations
_vStudy guides.
906 _a7
_bcbc
_corignew
_d1
_eecip
_f20
_gy-gencatlg
999 _c18830
_d18830